[Event "BL2-Ost 1920"]
[Site "Germany"]
[Date "2020.02.08"]
[Round "7.7"]
[White "Unzicker, Ferdinand"]
[Black "Gasthofer, Viktor"]
[Result "1/2-1/2"]
[WhiteElo "2312"]
[BlackElo "2305"]
[PlyCount "119"]
[EventDate "2019.10.19"]
[EventType "team-tourn"]
[EventRounds "11"]
[EventCountry "GER"]
[SourceTitle "CBM 194 Extra"]
[Source "ChessBase"]
[SourceDate "2020.03.31"]
[SourceVersion "1"]
[SourceVersionDate "2020.03.31"]
[SourceQuality "1"]
[WhiteTeam "Bayern Muenchen II"]
[BlackTeam "Bad Mergentheim"]
[WhiteTeamCountry "GER"]
[BlackTeamCountry "GER"]

1. d4 e6 2. c4 d5 3. Nc3 Nf6 4. Bg5 Be7 5. e3 h6 6. Bh4 0-0 7. Nf3 b6 8. Qc2 Bb7 9. Bxf6 Bxf6 10. cxd5 exd5 11. g4 c5 12. 0-0-0 cxd4 13. exd4 g6 14. h4 Nc6 15. Qd2 Bg7 16. g5 h5 17. Kb1 Re8 18. Bg2 Qd6 19. Nb5 Qd7 20. Bh3 Qd8 21. Rhe1 Rxe1 22. Rxe1 a6 23. Na3 Qd6 24. Nc2 Rd8 25. Qe3 Bc8 26. Bxc8 Rxc8 27. Ne5 Bxe5 28. dxe5 Qe6 29. a3 b5 30. f4 b4 31. axb4 Qf5 32. e6 Nxb4 33. exf7+ Kxf7 34. Qe7+ Kg8 35. Qxb4 Qxc2+ 36. Ka1 Qc4 37. Qe7 Qa4+ 38. Kb1 Qc2+ 39. Ka2 Qa4+ 40. Qa3 Qxf4 41. Qxa6 Qc4+ 42. Qxc4 dxc4 43. Rf1 Rb8 44. Rf4 Rb4 45. Ka3 Rb3+ 46. Ka2 Rb4 47. Kb1 Kg7 48. Kc2 Kg8 49. Rf6 Kg7 50. Ra6 Kf7 51. Ra2 c3 52. Kxc3 Rxh4 53. b4 Ke6 54. Ra6+ Kf5 55. Ra5+ Ke6 56. b5 Rh1 57. Kc2 Rh2+ 58. Kc3 Rh1 59. Kc2 Rh2+ 60. Kc3 1/2-1/2

[Event "Staufer op 32nd"]
[Site "Schwaebisch Gmuend"]
[Date "2020.01.03"]
[Round "4"]
[White "Unzicker, Ferdinand"]
[Black "Velicka, Petr"]
[Result "1/2-1/2"]
[WhiteElo "2322"]
[BlackElo "2424"]
[PlyCount "32"]
[EventDate "2020.01.02"]
[EventType "swiss"]
[EventRounds "9"]
[EventCountry "GER"]
[SourceTitle "CBM 194 Extra"]
[Source "ChessBase"]
[SourceDate "2020.03.31"]
[SourceVersion "1"]
[SourceVersionDate "2020.03.31"]
[SourceQuality "1"]

1. c4 c6 2. Nf3 d5 3. e3 Bg4 4. Be2 e6 5. b3 Nf6 6. h3 Bh5 7. 0-0 Bd6 8. Bb2 0-0 9. d3 Nbd7 10. cxd5 cxd5 11. a3 Qe7 12. Nbd2 Rfc8 13. Qb1 Rc7 14. Rc1 Rac8 15. Rxc7 Rxc7 16. Qd1 Qd8 1/2-1/2

[Event "Oberliga Bayern 1819"]
[Site "Bayern"]
[Date "2019.02.24"]
[Round "7.2"]
[White "Klek, Hanna Marie"]
[Black "Unzicker, Ferdinand"]
[Result "1-0"]
[WhiteElo "2278"]
[BlackElo "2314"]
[PlyCount "63"]
[EventDate "2018.10.21"]
[EventType "team-tourn"]
[EventRounds "9"]
[EventCountry "GER"]
[SourceTitle "EXT 2020"]
[Source "ChessBase"]
[SourceDate "2019.10.17"]
[SourceVersion "1"]
[SourceVersionDate "2019.10.17"]
[SourceQuality "1"]
[WhiteTeam "Erlangen SC"]
[BlackTeam "Bayern Muenchen II"]
[WhiteTeamCountry "GER"]
[BlackTeamCountry "GER"]

1. d4 d5 2. c4 e6 3. Nc3 Nf6 4. cxd5 exd5 5. Bg5 c6 6. e3 Bf5 7. Nge2 Be7 8. Ng3 Bg6 9. h4 h6 10. Bf4 h5 11. Bd3 Bxd3 12. Qxd3 g6 13. 0-0-0 Na6 14. f3 Nc7 15. Nge2 Qd7 16. Be5 0-0-0 17. Kb1 Rhe8 18. Na4 Ng8 19. Nf4 Nb5 20. Rc1 f6 21. Qxb5 fxe5 22. dxe5 Qc7 23. Ne6 Qxe5 24. Nxd8 Bxd8 25. Qd3 Ne7 26. Nc5 Nf5 27. e4 Ng3 28. Rhd1 d4 29. Qc4 Bf6 30. Nxb7 Kxb7 31. Qxc6+ Kb8 32. Rc5 1-0

[Event "Bundesliga 1718"]
[Site "Germany"]
[Date "2018.02.04"]
[Round "8.8"]
[White "Zilka, Stepan"]
[Black "Unzicker, Ferdinand"]
[Result "1-0"]
[WhiteElo "2513"]
[BlackElo "2312"]
[PlyCount "121"]
[EventDate "2017.10.21"]
[EventType "team-tourn"]
[EventRounds "15"]
[EventCountry "GER"]
[SourceTitle "CBM 183"]
[Source "ChessBase"]
[SourceDate "2018.03.14"]
[SourceVersion "1"]
[SourceVersionDate "2018.03.14"]
[SourceQuality "1"]
[WhiteTeam "Deizisau"]
[BlackTeam "Bayern Muenchen"]
[WhiteTeamCountry "GER"]
[BlackTeamCountry "GER"]

1. d4 Nf6 2. c4 g6 3. g3 Bg7 4. Bg2 d6 5. Nf3 0-0 6. 0-0 c5 7. Nc3 Nc6 8. d5 Na5 9. Qd3 a6 10. Bd2 b5 11. b3 b4 12. Ne4 Nxe4 13. Qxe4 Bxa1 14. Rxa1 f6 15. h4 Bf5 16. Qf4 Qd7 17. Nh2 Bh3 18. Bxh3 Qxh3 19. Ng4 Rae8 20. e4 Nb7 21. a3 a5 22. a4 Nd8 23. Re1 Kh8 24. Qf3 Nf7 25. Ne3 Ne5 26. Qg2 Qxg2+ 27. Kxg2 f5 28. exf5 gxf5 29. Nf1 h5 30. Bg5 Kh7 31. f4 Ng6 32. Re6 Rf7 33. Ne3 Nf8 34. Rh6+ Kg7 35. Rxh5 e6 36. Kf3 exd5 37. cxd5 Rxe3+ 38. Kxe3 c4 39. bxc4 b3 40. Kd2 Rb7 41. Kc1 Nd7 42. Bd8 Nc5 43. Bxa5 Nd3+ 44. Kb1 Re7 45. Bc3+ Kg6 46. Rh8 Re4 47. h5+ Kf7 48. Rh7+ Kg8 49. Rg7+ Kf8 50. Rb7 Rxc4 51. Rxb3 Nc5 52. Rb8+ Kf7 53. Ba1 Rxa4 54. Rb6 Ra3 55. Rxd6 Rxg3 56. Rc6 Ne4 57. Rc7+ Kg8 58. Be5 Rb3+ 59. Kc2 Rb6 60. d6 Nxd6 61. h6 1-0

[Event "Bundesliga 1516"]
[Site "Germany"]
[Date "2015.09.18"]
[Round "7.8"]
[White "Schlosser, Philipp"]
[Black "Unzicker, Ferdinand"]
[Result "1-0"]
[WhiteElo "2568"]
[BlackElo "2321"]
[PlyCount "65"]
[EventDate "2015.09.18"]
[EventType "team-tourn"]
[EventRounds "15"]
[EventCountry "GER"]
[SourceTitle "EXT 2016"]
[Source "ChessBase"]
[SourceDate "2015.10.08"]
[SourceVersion "1"]
[SourceVersionDate "2015.10.08"]
[SourceQuality "1"]
[WhiteTeam "Baden-Baden"]
[BlackTeam "Bayern Muenchen"]
[WhiteTeamCountry "GER"]
[BlackTeamCountry "GER"]

1. c4 e5 2. g3 Nc6 3. Bg2 f5 4. Nc3 Nf6 5. e3 d5 6. cxd5 Nb4 7. d3 Nfxd5 8. Nxd5 Nxd5 9. Nf3 Bd6 10. 0-0 Nf6 11. b4 Qe7 12. Bb2 0-0 13. b5 Kh8 14. Nd2 f4 15. exf4 exf4 16. Nc4 Ng4 17. Re1 fxg3 18. fxg3 Qg5 19. Nxd6 Qc5+ 20. d4 Qxd6 21. d5 Qh6 22. h4 Nf6 23. Qd3 Ng8 24. Rac1 a6 25. d6 Bf5 26. Qd4 cxd6 27. Rc7 Nf6 28. Ree7 axb5 29. Rxg7 Rxa2 30. Qxd6 Qe3+ 31. Kh2 Raa8 32. Rxh7+ Bxh7 33. Bxf6+ 1-0

[Event "Bundesliga 1415"]
[Site "Germany"]
[Date "2014.10.18"]
[Round "1.5"]
[White "Wegerle, Joerg"]
[Black "Unzicker, Ferdinand"]
[Result "1-0"]
[WhiteElo "2438"]
[BlackElo "2325"]
[PlyCount "53"]
[EventDate "2014.10.18"]
[EventType "team-tourn"]
[EventRounds "15"]
[EventCountry "GER"]
[SourceTitle "CBM 163"]
[Source "ChessBase"]
[SourceDate "2014.11.11"]
[SourceVersion "1"]
[SourceVersionDate "2014.11.11"]
[SourceQuality "1"]
[WhiteTeam "Solingen"]
[BlackTeam "Bayern Muenchen"]
[WhiteTeamCountry "GER"]
[BlackTeamCountry "GER"]

1. e4 c5 2. Nc3 Nc6 3. Bb5 Nd4 4. Bc4 e6 5. Nge2 Nf6 6. 0-0 a6 7. d3 b5 8. Bb3 Nxb3 9. axb3 Bb7 10. f4 d6 11. Qe1 b4 12. Nd1 Be7 13. Ne3 0-0 14. Qg3 Kh8 15. Qh3 d5 16. e5 Ne8 17. f5 d4 18. Nc4 exf5 19. Qxf5 Nc7 20. Bd2 Ne6 21. Ng3 Qd5 22. Ne4 Rae8 23. Rf3 Nc7 24. Rh3 g6 25. Qf4 f5 26. exf6 Bd8 27. Rxh7+ 1-0

[Event "Oberliga Bayern 1314"]
[Site "Bayern"]
[Date "2014.02.09"]
[Round "6.5"]
[White "Unzicker, Ferdinand"]
[Black "Baeuml, Ulrich"]
[Result "1-0"]
[WhiteElo "2334"]
[BlackElo "2103"]
[PlyCount "57"]
[EventDate "2013.10.13"]
[EventType "team-tourn"]
[EventRounds "9"]
[EventCountry "GER"]
[SourceTitle "EXT 2015"]
[Source "ChessBase"]
[SourceDate "2014.11.20"]
[SourceVersion "1"]
[SourceVersionDate "2014.11.20"]
[SourceQuality "1"]
[WhiteTeam "Bayern Muenchen II"]
[BlackTeam "Dillingen"]
[WhiteTeamCountry "GER"]
[BlackTeamCountry "GER"]

1. d4 e6 2. c4 d5 3. Nc3 Nf6 4. Bg5 Nbd7 5. e3 h6 6. Bf4 Bb4 7. a3 Bxc3+ 8. bxc3 0-0 9. Nf3 b6 10. Be2 Bb7 11. h3 dxc4 12. Bh2 b5 13. 0-0 Ne4 14. Qc2 Ng5 15. Nd2 Nf6 16. Rfb1 Bc6 17. Qb2 Nfe4 18. Nxe4 Bxe4 19. Rd1 Qd5 20. f3 Nxf3+ 21. gxf3 Bxf3 22. Bxf3 Qxf3 23. Qf2 Qxh3 24. Bxc7 Rac8 25. Qg3 Qh5 26. Bd6 Rfd8 27. Be5 g6 28. Rf1 Rd7 29. Ra2 1-0

[Event "BL2-Ost 1213"]
[Site "Germany"]
[Date "2013.03.17"]
[Round "8.7"]
[White "Schnabel, Ralf"]
[Black "Unzicker, Ferdinand"]
[Result "1/2-1/2"]
[WhiteElo "2235"]
[BlackElo "2330"]
[PlyCount "166"]
[EventDate "2012.10.14"]
[EventType "team-tourn"]
[EventRounds "9"]
[EventCountry "GER"]
[SourceTitle "CBM 154 Extra"]
[Source "ChessBase"]
[SourceDate "2013.06.25"]
[SourceVersion "2"]
[SourceVersionDate "2013.06.25"]
[SourceQuality "1"]
[WhiteTeam "Aue Nickelhuette"]
[BlackTeam "Bayern Muenchen"]
[WhiteTeamCountry "GER"]
[BlackTeamCountry "GER"]

1. e4 c5 2. Nf3 Nc6 3. d4 cxd4 4. Nxd4 Nf6 5. Nc3 d6 6. Be2 e5 7. Nf3 h6 8. 0-0 Be7 9. Re1 0-0 10. Bf1 Bg4 11. h3 Bh5 12. g4 Bg6 13. Bg2 Re8 14. Nh2 Rc8 15. Nf1 Nd4 16. Be3 d5 17. Bxd4 exd4 18. Qxd4 Bc5 19. Qd2 dxe4 20. Qxd8 Rcxd8 21. Rad1 Bd4 22. Ne2 Bxb2 23. Rb1 Ba3 24. Rxb7 Bc5 25. Nf4 Bh7 26. Ne3 g5 27. Ne2 Rd2 28. Ng3 Bg6 29. Ngf1 Rd4 30. Rc7 Bb6 31. Rc4 Red8 32. Rb1 Kg7 33. Rb5 Rxc4 34. Nxc4 Bd4 35. Nfe3 Rd7 36. Kh2 Rc7 37. Kg3 Ng8 38. h4 f6 39. h5 Bh7 40. Nd6 Bxe3 41. fxe3 Rd7 42. Bxe4 Bxe4 43. Nxe4 Ne7 44. Rc5 Kf7 45. a4 Ke6 46. Ra5 Rc7 47. Ra6+ Nc6 48. Nc3 Ke5 49. Nb5 Rc8 50. Nxa7 Nxa7 51. Rxa7 Rxc2 52. Kf3 Ra2 53. Re7+ Kd6 54. Rh7 Rxa4 55. Rxh6 Ke6 56. Rh8 Ra1 57. Re8+ Kf7 58. Rb8 Ra7 59. Rb6 Rc7 60. Rb4 Ra7 61. Ke4 Re7+ 62. Kd4 Rd7+ 63. Kc5 Re7 64. Kd4 Rd7+ 65. Ke4 Re7+ 66. Kf3 Ra7 67. Rb5 Rc7 68. Rb3 Ra7 69. Rb1 Re7 70. Rh1 Kg7 71. e4 Kf7 72. Ra1 Rb7 73. Re1 Ke6 74. h6 Rh7 75. Rh1 Kf7 76. e5 fxe5 77. Ke4 Kg6 78. Kxe5 Rxh6 79. Ra1 Rh2 80. Ra6+ Kg7 81. Kf5 Rb2 82. Ra5 Rb7 83. Kxg5 Re7 1/2-1/2